Largest and most populated countries - Statistics

General Stats
  • This quiz has been taken 19 times
  • The average score is 33 of 40
Answer Stats
Area Answer % Correct
3,287,263 India
100%
1.443B India
100%
17,098,242 Russia
100%
143M Russia
100%
9,866,624 United States
100%
342M United States
100%
2,780,400 Argentina
93%
8,547,404 Brazil
93%
217M Brazil
93%
9,984,670 Canada
93%
9,572,855 China
93%
1.425B China
93%
122M Japan
93%
1,964,375 Mexico
93%
129M Mexico
93%
7,741,220 Australia
86%
83M Germany
86%
1,904,569 Indonesia
86%
280M Indonesia
86%
1,648,195 Iran
86%
89M Iran
86%
245M Pakistan
86%
2,149,690 Saudi Arabia
86%
2,381,741 Algeria
79%
114M Egypt
79%
2,724,900 Kazakhstan
79%
1,285,216 Peru
79%
1,886,068 Sudan
79%
99M Vietnam
79%
2,344,858 Democratic Republic of the Congo
71%
105M Democratic Republic of the Congo
71%
130M Ethiopia
71%
1,564,110 Mongolia
71%
229M Nigeria
71%
119M Philippines
71%
72M Thailand
71%
86M Turkey
71%
174M Bangladesh
64%
1,759,540 Libya
57%
2,166,086 Denmark
29%
No matching quizzes found
Score Distribution
Percent of People with Each Score
Percentile by Number Answered
Your Score History
You have not taken this quiz